000 00506nam a2200181 i 4500
001 129842
003 ES-MaACL
005 20231207063024.0
007 t|
008 070709s1983 sp ||||1| spa d
100 1 _aZubiri, Xavier,
_d1898-1983
_9118406
245 1 0 _aInteligencia y razón /
_cXavier Zubiri.
260 _a[Madrid] :
_bAlianza,
_c1983.
300 _a354 p. ;
_c23 cm.
650 4 _aEpistemología.
_912338
852 _aES-MaACL
_jL-6741
_bR.107752
999 _c129842
_d129842